000
00313nam a22001337a 4500
008
170330b xxu||||| |||| 00| 0 eng d
020
_a
9781581101096
041
_a
eng
080
_2
5TH
_a
616-053.2
100
_a
8
101
_a
SHM
245
_a
PEDIATRIC NUTRITION HANDBOOK
_c
KLEINMAN, R.E
942
_2
udc
_c
BK
999
_c
9121
_d
9121